ბათუმის შოთა რუსთაველის სახელმწიფო უნივერსიტეტის ბიბლიოთეკა

Организация управления промышленным производством. (ბიბ.ჩანაწერი № 46855)

000 -LEADER
fixed length control field 00788nam a2200217Ia 4500
001 - CONTROL NUMBER
control field 13707
003 - CONTROL NUMBER IDENTIFIER
control field GE_BSU
008 - FIXED-LENGTH DATA ELEMENTS--GENERAL INFORMATION
fixed length control field 181216s||||||||xx |||||||||||||| ||und||
040 ## - CATALOGING SOURCE
Transcribing agency GE_BSU
080 ## - UNIVERSAL DECIMAL CLASSIFICATION NUMBER
Universal Decimal Classification number 658.014(075.8)
100 ## - MAIN ENTRY--PERSONAL NAME
Personal name Козлова,О.В. Александров,Л.А. Саркисов,А.М. и др.
245 ## - TITLE STATEMENT
Title Организация управления промышленным производством.
245 ## - TITLE STATEMENT
Remainder of title Учебник.
245 ## - TITLE STATEMENT
Statement of responsibility, etc. Под ред. О.В.Козловой, С.Е.Каменицера.
260 ## - PUBLICATION, DISTRIBUTION, ETC.
Place of publication, distribution, etc. М.
260 ## - PUBLICATION, DISTRIBUTION, ETC.
Name of publisher, distributor, etc. Высш. школа.
260 ## - PUBLICATION, DISTRIBUTION, ETC.
Date of publication, distribution, etc. 1980.
300 ## - PHYSICAL DESCRIPTION
Extent 399 стр. 22 см. с илл.
653 ## - INDEX TERM--UNCONTROLLED
Uncontrolled term Организация управления промышленным производством.
942 ## - ADDED ENTRY ELEMENTS (KOHA)
Koha item type წიგნი
ეგზემპლარები
Withdrawn status Lost status Damaged status Not for loan Date acquired Barcode Date last seen Price effective from Koha item type
        2018-12-17 10167 2018-12-17 2018-12-17 წიგნი